Image Acquisition and Preprocessing for Machine Vision Systems (Record no. 22284)

MARC details
000 -LEADER
fixed length control field 00530nam a2200169Ia 4500
003 - CONTROL NUMBER IDENTIFIER
control field IN-BaIIA
008 - FIXED-LENGTH DATA ELEMENTS--GENERAL INFORMATION
fixed length control field 211028s9999 xx s 000 0 eng d
020 ## - INTERNATIONAL STANDARD BOOK NUMBER
International Standard Book Number 9780819482020 (Print)
020 ## - INTERNATIONAL STANDARD BOOK NUMBER
International Standard Book Number 9780819482037 (Online)
040 ## - CATALOGING SOURCE
Transcribing agency IIA Library
100 ## - MAIN ENTRY--PERSONAL NAME
Personal name Sinha, P. K.
9 (RLIN) 40974
245 #0 - TITLE STATEMENT
Title Image Acquisition and Preprocessing for Machine Vision Systems
Medium [eBook]
260 ## - PUBLICATION, DISTRIBUTION, ETC.
Place of publication, distribution, etc. Washington, USA
Name of publisher, distributor, etc. SPIE
Date of publication, distribution, etc. 2012
300 ## - PHYSICAL DESCRIPTION
Extent Online resource
856 ## - ELECTRONIC LOCATION AND ACCESS
Uniform Resource Identifier <a href="https://doi.org/10.1117/3.858360">https://doi.org/10.1117/3.858360</a>
Link text Click Here to Access eBook
942 ## - ADDED ENTRY ELEMENTS (KOHA)
Koha item type eBooks
Holdings
Withdrawn status Lost status Damaged status Not for loan Home library Current library Date acquired Source of acquisition Total Checkouts Barcode Date last seen Uniform Resource Identifier Price effective from Koha item type
        IIA Library-Bangalore IIA Library-Bangalore 01/07/2011 SPIE   EB1744 05/11/2021 https://doi.org/10.1117/3.858360 05/11/2021 eBooks

Powered by Koha